Разработка ресурсосберегающей технологии проведения подземных горизонтальных выработок при разведке золоторудных месторождений; Проблемы геологии Сибири; Т. 2

מידע ביבליוגרפי
Parent link:Проблемы геологии Сибири: тезисы докладов научных чтений, посвященных 100-летию со дня рождения профессора В. А. Хахлова, 30 марта - 1 апреля 1994 г., г. Томск.— , 1994
Т. 2.— 1994.— С. 83-84
מחבר ראשי: Лукьянов В. Г. Виктор Григорьевич
מחברים אחרים: Панкратов А. В. Алексей Валентинович
סיכום:В фонде НТБ ТПУ отсутствует
שפה:רוסית
יצא לאור: 1994
נושאים:
פורמט: MixedMaterials Book Chapter
KOHA link:https://koha.lib.tpu.ru/cgi-bin/koha/opac-detail.pl?biblionumber=598169

MARC

LEADER 00000naa0a2200000 4500
001 598169
005 20250228155424.0
035 |a (RuTPU)RU\TPU\tpu\21719 
035 |a RU\TPU\tpu\21718 
090 |a 598169 
100 |a 20120912d1994 k y0rusy50 ca 
101 0 |a rus 
102 |a RU 
200 1 |a Разработка ресурсосберегающей технологии проведения подземных горизонтальных выработок при разведке золоторудных месторождений  |f В. Г. Лукьянов, А. В. Панкратов 
333 |a В фонде НТБ ТПУ отсутствует 
461 |t Проблемы геологии Сибири  |o тезисы докладов научных чтений, посвященных 100-летию со дня рождения профессора В. А. Хахлова, 30 марта - 1 апреля 1994 г., г. Томск  |d 1994 
463 |t Т. 2  |v С. 83-84  |d 1994 
610 1 |a труды учёных ТПУ 
700 1 |a Лукьянов  |b В. Г.  |c горный инженер  |c профессор Томского политехнического университета, доктор технических наук  |f 1930-  |g Виктор Григорьевич  |3 (RuTPU)RU\TPU\pers\12910 
701 1 |a Панкратов  |b А. В.  |c специалист в области транспорта и хранения нефти  |c доцент Томского политехнического университета, кандидат технических наук  |f 1953-  |g Алексей Валентинович  |3 (RuTPU)RU\TPU\pers\26132  |4 070 
801 1 |a RU  |b 63413507  |c 20090820 
801 2 |a RU  |b 63413507  |c 20130520  |g RCR 
942 |c BK